000 01160nam a2200301 i 4500
001 179143
003 ES-MaACL
005 20250825081122.0
008 110919s2011 sp |||| | spa d
020 _a978-84-7074-424-2
080 _a070:821.134.2"19/20"
080 _a821.134.2.09"18/20"
100 1 _aRebollo Sánchez, Félix
_995713
245 1 0 _aLiteratura y periodismo en el siglo XXI /
_cFélix Rebollo Sánchez.
260 _aMadrid :
_bFragua,
_c2011.
300 _a260 p. ;
_c22 cm.
490 1 _aDruida ;
_v10
650 4 _aPeriodismo y literatura-
_zEspaña
_915960
650 0 7 _aLiteratura-
_vPublicaciones periódicas-
_zEspaña.
_914490
650 4 _aLiteratura-
_vPublicaciones periódicas-
_zEspaña-
_yS.XX.
_914491
830 0 _aDruida ;
_v10
_9189213
852 _aES-MaACL
_9186016
_bR.147146
_jA-11525/Ej.1
_dOlim: N-4529
_cDEPO1
852 _aES-MaACL
_jA-12757
_9186015
_bR.148600
_cDEPO1
_dOlim: N-5757
_xDonación: Félix Rebollo Sánchez
_zDedicatoria autógrafa del autor
903 _aRebollo Sánchez, Félix
_ednr
_995713
942 _2udc
_cMONOGRAFIA
999 _c179143
_d179143